| 000 | 00539 a2200169 4500 | ||
|---|---|---|---|
| 999 |
_c7403 _d7403 |
||
| 010 | _aENG-87980 | ||
| 020 |
_a8183870325 _c425.00 |
||
| 035 | _aEN-71513 | ||
| 037 | _bDBAD / PUB | ||
| 082 | 1 | 4 | _a334.683 |
| 100 | 1 | _aRadhakrishnan, N | |
| 245 | 1 |
_aCo-operative credit for agricultural sector / _cby N.Radhakrishnan |
|
| 260 |
_aDelhi _bSerials Publications _c2006 |
||
| 270 |
_a4830/24, Prahlad sreet, Ansari Raod, Darya ganj _bDelhi _e110 002 |
||
| 300 |
_avii, 175 p. _c22 cm (HB) |
||
| 942 |
_adpl _cEN _2ddc _h334.683 _mRAD |
||